000 00300nam a2200121Ia 4500
008 240731s9999 xx 000 0 und d
022 _a1465-3303
245 0 _aAustralian Feminist Studies
260 _bRoutledge
856 _uhttps://www.tandfonline.com/loi/cafs20
942 _2ddc
942 _cTFEJ
999 _c75519
_d75519
945 _a1
_bMadushi Gamage
_c1
_dMadushi Gamage